الماء / (رقم التسجيلة. 107233)

تفاصيل مارك
000 -LEADER
fixed length control field 00656nam a22002297a 4500
005 - DATE AND TIME OF LATEST TRANSACTION
control field 20251108173556.0
008 - FIXED-LENGTH DATA ELEMENTS--GENERAL INFORMATION
fixed length control field 250721s2007 xx 000 0 ara d
020 ## - INTERNATIONAL STANDARD BOOK NUMBER
International Standard Book Number 9774082052
082 14 - DEWEY DECIMAL CLASSIFICATION NUMBER
Classification number ط/551.48/بار
100 1# - MAIN ENTRY--PERSONAL NAME
Personal name باركر، ستيف
Relator term مؤلف
245 10 - TITLE STATEMENT
Title الماء /
246 11 - VARYING FORM OF TITLE
Title proper/short title water
264 1# - PRODUCTION, PUBLICATION, DISTRIBUTION, MANUFACTURE, AND COPYRIGHT NOTICE
Place of production, publication, distribution, manufacture القاهره :
Name of producer, publisher, distributor, manufacturer دار الفاروق،
Date of production, publication, distribution, manufacture, or copyright notice 2007.
300 ## - PHYSICAL DESCRIPTION
Extent 31ص
490 0# - SERIES STATEMENT
Series statement سلسلة تبسيط العلوم للأطفال
650 17 - SUBJECT ADDED ENTRY--TOPICAL TERM
Topical term or geographic name as entry element المياه
650 17 - SUBJECT ADDED ENTRY--TOPICAL TERM
Topical term or geographic name as entry element الغلاف المائي
650 17 - SUBJECT ADDED ENTRY--TOPICAL TERM
Topical term or geographic name as entry element التجارب
653 ## - INDEX TERM--UNCONTROLLED
Uncontrolled term مرحله متوسطه (6-9)سنوات
942 ## - ADDED ENTRY ELEMENTS (KOHA)
Source of classification or shelving scheme Dewey Decimal Classification
Koha item type كتب
المقتنيات
حالة السحب حالة الفقدان مصدر التصنيف حالة التلف غير قابل للإعارة المكتبة الرئيسية المكتبة الحالية موقع الرف تاريخ التزويد الرقم المتسلسل Total Checkouts رقم الإستدعاء الباركود تاريخ آخر ظهور تاريخ الفاتورة نوع المادة (كوها)
    Dewey Decimal Classification     المكتبة المركزية المكتبة المركزية الأطفال 28/07/2025 1101781   ط/551.48/بار 1101781 28/07/2025 28/07/2025 كتب
    Dewey Decimal Classification     المكتبة المركزية المكتبة المركزية الأطفال 28/07/2025 1101782   ط/551.48/بار 1101782 28/07/2025 28/07/2025 كتب
    Dewey Decimal Classification     المكتبة المركزية المكتبة المركزية مقتنيات قسم التزويد 28/07/2025 1190259   ط/551.48/بار   28/07/2025 28/07/2025 كتب
    Dewey Decimal Classification     مكتبة البشائر للأطفال مكتبة البشائر للأطفال الأطفال 18/11/2008 1229254   ط/551.48/بار PLD00051384 28/07/2025 18/11/2008 كتب
    Dewey Decimal Classification     مكتبة البشائر للأطفال مكتبة البشائر للأطفال الإعارة 19/05/2015 528994   ط/551.48/بار PLD00324975 28/07/2025 19/05/2015 كتب
    Dewey Decimal Classification     مكتبة أبو علندا العامة مكتبة أبو علندا العامة الأطفال 16/11/2008 1229246   ط/551.48/بار PLD00051053 28/07/2025 16/11/2008 كتب
    Dewey Decimal Classification     مكتبة الأميرة ايمان العامة مكتبة الأميرة ايمان العامة الأطفال 16/11/2008 1229249   ط/551.48/بار PLD00051050 28/07/2025 16/11/2008 كتب
    Dewey Decimal Classification     مكتبة الأميرة سلمى مكتبة الأميرة سلمى الأطفال 16/11/2008 1229251   ط/551.48/بار PLD00051056 28/07/2025 16/11/2008 كتب
    Dewey Decimal Classification     مكتبة الاميرة بديعة مكتبة الاميرة بديعة الأطفال 16/11/2008 1229250   ط/551.48/بار PLD00051051 28/07/2025 16/11/2008 كتب
    Dewey Decimal Classification     مكتبة البراءة للأطفال مكتبة البراءة للأطفال الأطفال 16/11/2008 1229252   ط/551.48/بار PLD00051057 28/07/2025 16/11/2008 كتب
    Dewey Decimal Classification     مكتبة البراعم الواعدة مكتبة البراعم الواعدة الأطفال 18/11/2008 1229253   ط/551.48/بار PLD00051383 28/07/2025 18/11/2008 كتب
    Dewey Decimal Classification     مكتبة الراية الهاشمية للأطفال مكتبة الراية الهاشمية للأطفال الأطفال 10/02/2015 1591367   ط/551.48/بار PLD00315968 28/07/2025 10/02/2015 كتب
    Dewey Decimal Classification     مكتبة مرج الحمام مكتبة مرج الحمام الأطفال 28/07/2025 1138362   ط/551.48/بار 1138362 28/07/2025 28/07/2025 كتب
Implemented & Customized by: BBB with SCIT (Smart Chains for Information Technology)

Powered by Koha